| 000 | 00407pab a2200169 454500 | ||
|---|---|---|---|
| 008 | 180718b2013 xxu||||| |||| 00| 0 eng d | ||
| 100 | _aNagla, Madhu | ||
| 245 | _aWomen and mental health: Disposition, narratives and treatment | ||
| 260 | _c2013 | ||
| 300 | _ap.76-92. | ||
| 362 | _aJan-Mar | ||
| 650 | _aMental health | ||
| 650 | _aWomen | ||
| 773 | _aSocial Action | ||
| 908 | _aN | ||
| 909 | _a98800 | ||
| 999 |
_c98799 _d98799 |
||